Principales determinantes de los precios de la tierra en la zona pampeana 1950-1985 (Registro nro. 22918)
[ vista simple ]
| 000 -LEADER | |
|---|---|
| fixed length control field | 00373 a2200109 4500 |
| 001 - CONTROL NUMBER | |
| control field | ART_5581 |
| 005 - DATE AND TIME OF LATEST TRANSACTION | |
| control field | 20260410161827.0 |
| 008 - FIXED-LENGTH DATA ELEMENTS--GENERAL INFORMATION | |
| fixed length control field | 260409a |
| 100 1# - MAIN ENTRY--PERSONAL NAME | |
| Personal name | Peri, Graciela |
| 245 10 - TITLE STATEMENT | |
| Title | Principales determinantes de los precios de la tierra en la zona pampeana 1950-1985 |
| 773 0# - HOST ITEM ENTRY | |
| Title | Estudios Económicos |
| Related parts | - Vol. 6, Nº 11/12 (ene./dic. 1988) |
| Record control number | REV5080 |
No hay ítems disponibles.